Pragmatismo

Gardado en:
Detalles Bibliográficos
Autor Principal: James, William (Author)
Formato: Libro
Idioma:Lingua castelá
Publicado: Madrid SARPE 1984
Edición:1a. ed
Series:Los Grandes Pensadores, 60
Subjects:
Tags: Engadir etiqueta
Sen Etiquetas, Sexa o primeiro en etiquetar este rexistro!

MARC

LEADER 00000cam a2200000 a 4500
001 UCE2301
003 CL-VaPUC
008 140619e19840000sp |||||||||||||||||spa|d
020 |a 845990458X 
082 0 4 |a 144.3  |b JAM  |2 21 
100 |a James, William  |e author  |9 335702 
245 1 0 |a Pragmatismo 
250 |a 1a. ed 
300 |a 237 p 
942 |c BK 
945 |d 20140619 13:53:00  |a dcastane 
260 |a Madrid  |b SARPE  |c 1984 
650 0 |a Pragmatismo  |9 316729 
650 0 |a Escuelas filosóficas   |9 266232 
650 0 |a Humanismo  |9 256530 
650 0 |a Metafísica  |9 265649 
583 |a last modification  |c 20140619 13:53:00  |k Rodrigo Vera 
490 0 |a Los Grandes Pensadores, 60 
999 |c 355939  |d 355937 
952 |0 0  |1 0  |3 erd  |4 0  |6 144_300000000000000_JAM_1984  |7 0  |8 X  |9 462926  |a FDOBUD  |b FDOBUD  |i 5042917  |o 144.3 JAM 1984  |p 5042917  |r 2019-11-23  |w 2019-11-23  |y BK_X  |z Catalogado en:20140619  |k BUD